000 00696cam0a220024100 4500
001 lce00787885
008 730522s1973 nyu 000 1 eng
010 _a 72093503 //r86
020 _a0671214926
020 _c
_8.95
035 _a(Sirsi) r46318
035 _a(DLC) 72093503 //r86
035 _a(UPRA)lce00787885
050 0 _aPZ4.B497
_bRc
051 _aPS3552.E719
_bR36 1973
_cCopy 3.
082 _a813/.5/4
100 1 _aBerger, Thomas, 1924-
_dBerger, Thomas, 1924-
_6A4198.1
245 1 0 _aRegiment of women;
_ba novel.
260 _aNew York,
_bSimon and Schuster
_c[1973]
949 _aPZ4.B497
_wlcc
_i-57781
_mMAIN
_tBOOK
_lON-SHELF
004 46318
987 _aWITHDRAWN.
999 _c196903
_d196904